书目信息 |
| 题名: |
大学英语 听说教程
|
|
| 作者: | 虞苏美 , 李慧琴 主编 ;李荫华 总主编 | |
| 分册: | 2 教师用书 | |
| 出版信息: | 上海 上海外语教育出版社 2002.2 |
|
| 页数: | 267页 | |
| 开本: | 23cm | |
| 丛书名: | 《大学英语》系列教材 | |
| 单 册: | ||
| 中图分类: | H319.9 | |
| 科图分类: | ||
| 主题词: | 英语--听说教学--高等学校--教学参考资料 , 听说教学 | |
| 电子资源: | ||
| ISBN: | 7-81080-342-5 | |
| 000 | 01124nam2 2200301 45 | |
| 005 | 20121009102130.32 | |
| 010 | @a7-81080-342-5@dCNY18.10 | |
| 100 | @a20030324e20022002ekmy0chiy0121 ea | |
| 101 | 0 | @achi@aeng |
| 102 | @aCN@b310000 | |
| 105 | @ak zq 000yy | |
| 200 | 1 | @a大学英语 听说教程@Ada xue ying yu ting shuo jiao cheng@dCollege English listening and speaking course@h2@i教师用书@iTeacher book@f虞苏美, 李慧琴主编@zeng |
| 210 | @a上海@c上海外语教育出版社@d2002.2@h2002.5重印 | |
| 215 | @a267页@c表格@d23cm | |
| 225 | 2 | @a《大学英语》系列教材@e全新版@f李荫华总主编 |
| 300 | @a本书另配磁带4盒 | |
| 300 | @a普通高等教育“十五”国家规划教材 教育部推荐使用大学外语类教材 | |
| 320 | @a本书含附录 | |
| 410 | 0 | @12001 @a《大学英语》系列教材 |
| 510 | 1 | @aCollege English listening and speaking course@iStudent's book@zeng |
| 606 | 0 | @a英语@x听说教学@x高等学校@j教学参考资料 |
| 606 | 0 | @a听说教学 |
| 690 | @aH319.9@v4 | |
| 701 | 0 | @a虞苏美@Ayu su mei@4主编 |
| 701 | 0 | @a李慧琴@Ali hui qin@4主编 |
| 702 | 0 | @a李荫华@Ali yin hua@4总主编 |
| 801 | 0 | @aCN@bQSSKt1@c20110401 |
| 905 | @a10447@dH319.9@eY823:2 | |
| 大学英语 听说教程=College English listening and speaking course.2.教师用书.Teacher book/虞苏美, 李慧琴主编.-上海:上海外语教育出版社,2002.2(2002.5重印) |
| 267页:表格;23cm.-(《大学英语》系列教材:全新版/李荫华总主编) |
| 本书另配磁带4盒.-普通高等教育“十五”国家规划教材 教育部推荐使用大学外语类教材 |
| ISBN 7-81080-342-5:CNY18.10 |
| ● |
| 相关链接 |
|
|
|
正题名:大学英语 听说教程
索取号:H319.9/Y823:2
 
预约/预借
| 序号 | 登录号 | 条形码 | 馆藏地/架位号 | 状态 | 备注 |
| 1 | 428165 | 204281650 | 社科二线400B/400B社科库 6排4列1层/ [索取号:H319.9/Y823:2] | 在馆 | |
| 2 | 428166 | 204281669 | 社科二线400B/400B社科库 6排4列1层/ [索取号:H319.9/Y823:2] | 在馆 | |
| 3 | 428167 | 204281678 | 社科二线400B/400B社科库 6排4列1层/ [索取号:H319.9/Y823:2] | 在馆 | |
| 4 | 428168 | 204281687 | 语言库209/ [索取号:H319.9/Y823:2] | 在馆 | |
| 5 | 428169 | 204281696 | 社科二线400B/400B社科库 9排1列1层/ [索取号:H319.9/Y823:2] | 在馆 | |
| 6 | 463717 | 204637170 | 社科二线400B/400B社科库 9排4列6层/ [索取号:H319.9/Y823:2] | 在馆 | |
| 7 | 463718 | 204637189 | 社科二线400B/400B社科库 7排1列5层/ [索取号:H319.9/Y823:2] | 在馆 | |
| 8 | 463719 | 204637198 | 社科二线400B/400B社科库 8排2列1层/ [索取号:H319.9/Y823:2] | 在馆 | |
| 9 | 465072 | 204650724 | 社科二线400B/400B社科库 7排2列1层/ [索取号:H319.9/Y823:2] | 在馆 | |
| 10 | 465073 | 204650733 | 社科二线400B/400B社科库 8排2列1层/ [索取号:H319.9/Y823:2] | 在馆 | |
| 11 | 475108 | 204751081 | 社科二线400B/400B社科库 7排2列3层/ [索取号:H319.9/Y823:2] | 在馆 | |
| 12 | 475109 | 204751090 | 社科二线400B/400B社科库 9排3列1层/ [索取号:H319.9/Y823:2] | 在馆 | |
| 13 | 475110 | 204751107 | 社科二线400B/400B社科库 7排1列5层/ [索取号:H319.9/Y823:2] | 在馆 | |
| 14 | 475111 | 204751116 | 社科二线400B/400B社科库 9排3列1层/ [索取号:H319.9/Y823:2] | 在馆 | |
| 15 | 475112 | 204751125 | 社科二线400B/400B社科库 7排2列2层/ [索取号:H319.9/Y823:2] | 在馆 | |
| 16 | 475113 | 204751134 | 社科二线400B/400B社科库 9排3列1层/ [索取号:H319.9/Y823:2] | 在馆 | |
| 17 | 475114 | 204751143 | 社科二线400B/400B社科库 8排2列1层/ [索取号:H319.9/Y823:2] | 在馆 | |
| 18 | 475115 | 204751152 | 社科二线400B/400B社科库 8排4列1层/ [索取号:H319.9/Y823:2] | 在馆 | |
| 19 | 475116 | 204751161 | 社科二线400B/400B社科库 8排4列1层/ [索取号:H319.9/Y823:2] | 在馆 | |
| 20 | 475117 | 204751170 | 社科二线400B/400B社科库 7排1列5层/ [索取号:H319.9/Y823:2] | 在馆 | |
| 21 | 487654 | 204876544 | 自科二线504/504自科库 23排2列4层/ [索取号:H319.9/Y823:2] | 在馆 | |
| 22 | 487655 | 204876553 | 自科二线504/504自科库 23排2列4层/ [索取号:H319.9/Y823:2] | 在馆 | |
| 23 | 487656 | 204876562 | 自科二线504/504自科库 23排2列4层/ [索取号:H319.9/Y823:2] | 在馆 |